Labor Economics. (Record no. 481)

MARC details
005 - DATE AND TIME OF LATEST TRANSACTION
control field 20250621095149.0
020 ## - INTERNATIONAL STANDARD BOOK NUMBER
International Standard Book Number 978-0-07-340282-6
082 ## - DEWEY DECIMAL CLASSIFICATION NUMBER
Classification number 331 BOR
100 ## - MAIN ENTRY--PERSONAL NAME
Author name BORJAS, G.
245 ## - TITLE STATEMENT
Title Labor Economics.
250 ## - EDITION STATEMENT
Edition statement 4thEd.
260 ## - PUBLICATION, DISTRIBUTION, ETC.
Place of publication, distribution, etc. New York,
Name of publisher, distributor, etc. McGraw-Hill,
Date of publication, distribution, etc. 2008.
300 ## - PHYSICAL DESCRIPTION
Extent xvi,544p.: ill.; figure, table.
Other physical details Index
Dimensions 24cm
856 ## - ELECTRONIC LOCATION AND ACCESS
Link text Access Online Book.
Electronic name Economic
Path www.mhhe.com
942 ## - ADDED ENTRY ELEMENTS (KOHA)
Source of classification or shelving scheme Dewey Decimal Classification
Koha item type Books
Holdings
Date last seen Total checkouts Full call number Barcode Cost, replacement price Price effective from Koha item type Lost status Source of classification or shelving scheme Damaged status Not for loan Withdrawn status Home library Current library Shelving location Date acquired Cost, normal purchase price
03/12/2025   331 BOR 0000001856 30000.00 03/12/2025 Books   Dewey Decimal Classification       College of Business Education Main Library College of Business Education Main Library General Collection 03/12/2025 10000.00
03/12/2025   331 BOR 0000001857 30000.00 03/12/2025 Books   Dewey Decimal Classification       College of Business Education Main Library College of Business Education Main Library General Collection 03/12/2025 10000.00
03/12/2025   331 BOR 0000001858 30000.00 03/12/2025 Books   Dewey Decimal Classification       College of Business Education Main Library College of Business Education Main Library General Collection 03/12/2025 10000.00
03/12/2025   331 BOR 0000001859 30000.00 03/12/2025 Books   Dewey Decimal Classification       College of Business Education Main Library College of Business Education Main Library General Collection 03/12/2025 10000.00
03/12/2025   331 BOR 0000001860 30000.00 03/12/2025 Books   Dewey Decimal Classification       College of Business Education Main Library College of Business Education Main Library General Collection 03/12/2025 10000.00
03/12/2025   331 BOR 0000001861 30000.00 03/12/2025 Books   Dewey Decimal Classification       College of Business Education Main Library College of Business Education Main Library General Collection 03/12/2025 10000.00
03/12/2025   331 BOR 0000001862 30000.00 03/12/2025 Books   Dewey Decimal Classification       College of Business Education Main Library College of Business Education Main Library General Collection 03/12/2025 10000.00